MAASAI MARA UNIVERSITY

LIBRARY CATALOGUE

Contact Us: +254 020 2685356/7 or 0774 057787

Box: 861-20500, NAROK, KENYA

Email: info@mmarau.ac.ke

Benchmarking for best practices : (Record no. 22801)

MARC details
000 -LEADER
fixed length control field 00815nam a22002297a 4500
003 - CONTROL NUMBER IDENTIFIER
control field OSt
005 - DATE AND TIME OF LATEST TRANSACTION
control field 20210818094150.0
008 - FIXED-LENGTH DATA ELEMENTS--GENERAL INFORMATION
fixed length control field 170214b xxu||||| |||| 00| 0 eng d
010 ## - LIBRARY OF CONGRESS CONTROL NUMBER
LC control number 94018076
020 ## - INTERNATIONAL STANDARD BOOK NUMBER
International Standard Book Number 0070063753 (acidfree, recycled paper) :
Terms of availability $24.95
040 ## - CATALOGING SOURCE
Original cataloging agency MMU
Transcribing agency MMU
Modifying agency MMU
Language of cataloging eng.
050 00 - LIBRARY OF CONGRESS CALL NUMBER
Classification number HD62.15
Item number .B64 1994
100 1# - MAIN ENTRY--PERSONAL NAME
Personal name Bogan, Christopher E.
245 10 - TITLE STATEMENT
Title Benchmarking for best practices :
Remainder of title winning through innovative adaptation /
Statement of responsibility, etc. Christopher E. Bogan, Michael J. English.
260 ## - PUBLICATION, DISTRIBUTION, ETC. (IMPRINT)
Place of publication, distribution, etc. New York :
Name of publisher, distributor, etc. McGraw-Hill,
Date of publication, distribution, etc. c1994.
300 ## - PHYSICAL DESCRIPTION
Extent x, 312 p. :
Other physical details ill. ;
Dimensions 25 cm.
500 ## - GENERAL NOTE
General note Includes bibliographical references (p. 299-304) and indexes.
650 #0 - SUBJECT ADDED ENTRY--TOPICAL TERM
Topical term or geographic name as entry element Benchmarking (Management)
650 #0 - SUBJECT ADDED ENTRY--TOPICAL TERM
Topical term or geographic name as entry element Organizational effectiveness.
700 1# - ADDED ENTRY--PERSONAL NAME
Personal name English, Michael J.
942 ## - ADDED ENTRY ELEMENTS (KOHA)
Source of classification or shelving scheme Library of Congress Classification
Koha item type L
Holdings
Withdrawn status Lost status Source of classification or shelving scheme Damaged status Not for loan Home library Current library Date acquired Source of acquisition Total Checkouts Full call number Barcode Date last seen Price effective from Koha item type
    Library of Congress Classification     Maasai Mara University Library -Main Campus Maasai Mara University Library -Main Campus 02/14/2017 Donation-T4C   HD62.15.B64 1994 17023472 02/14/2017 02/14/2017 L
© 2016 Maasai Mara University.